000
00271nam a2200109Ia 4500
008
180117s9999 xx 000 0 und d
245
_a
Submissions
260
_c
2017
300
_a
24-25 pages, 2017 March 5
440
_a
Philippine Panorama
650
_a
MONKEY AND TURTLE
999
_c
353361
_d
353361